LIBRARY & INFORMATION CENTRE, KCAET, TAVANUR

ONLINE PUBLIC ACCESS CATALOGUE (OPAC)

Visual development for technical drawing / (Record no. 1756)

MARC details
000 -LEADER
fixed length control field 00443cam a2200169ua 4500
041 ## - LANGUAGE CODE
Language code of text/sound track or separate title eng
082 ## - DEWEY DECIMAL CLASSIFICATION NUMBER
Classification number 604.2
Item number MCL/VI
100 ## - MAIN ENTRY--AUTHOR NAME
Personal name Mclead, Andrews .
245 ## - TITLE STATEMENT
Title Visual development for technical drawing /
260 ## - PUBLICATION, DISTRIBUTION, ETC. (IMPRINT)
Place of publication :
Name of publisher Hutchinson Technical education ,
Year of publication 1963.
300 ## - PHYSICAL DESCRIPTION
Number of Pages 96 :
Other physical details ` ; .
942 ## - ADDED ENTRY ELEMENTS (KOHA)
Koha item type Books
Holdings
Withdrawn status Lost status Damaged status Home library Current library Date acquired Full call number Accession Number Koha item type
      KAUAET KAUAET 07/04/2012 604.2 MCL/VI 3736 Books
free website counter